000 00952nam a22002537a 4500
005 20180914121919.0
010 _aB-705534
020 _a9788126554232
_c869.00
035 _aB-669641
035 _aB-705534
037 _bAsian Book Centre/Ven
_adpl
037 _bRK Books
082 _a621.00151
100 _aKreyszig, Erwin
245 _aAdvanced engineering mathematics /
_cby Erwin Kreyszig
250 _a10th ed
260 _aNew Delhi
_bJohn Wiley
_c2016
_c2018
270 _a4436/7, Ansari Road, Darya Ganj
_bNew Delhi
_e110002
300 _aVarious pagings
_c25cm(pbk)
_bill.
500 _aIncludes bibliographical references and index
942 _2ddc
_cEN
_h621.00151
_mKRE
999 _c140986
_d140986